000 00824nam a22002055i 4500
001 167308
003 ES-MaACL
005 20250818063111.0
008 010307q1900 sp a 001 f spa d
080 _a821.133.1-31"18"
100 1 _aVerne, Jules,
_d1828-1905
_9188654
245 1 3 _aEl náufrago del Cynthia /
_cobra escrita en francés por Julio Verne.
250 _aEd. il. con grabados.
260 _aMadrid :
_bSáenz de Jubera, Hermanos,
_c[ca. 1900] (
_fEst. Tip. de los Sucesores de Rivadeneyra)
300 _a2 v. (64 ; 62 p.) :
_bil. ;
_c28 cm.
597 _aTexto a dos columnas
852 4 _aES-MaACL
_jB-12394(13)
_z- Enc. ed. en tela roja con planchas polícromas
852 4 _aES-MaACL
_jB-12395(1)
_p(V. 2)
_z- Enc. ed. en tela roja con planchas polícromas
999 _c167308
_d167308